| 000 | 00603nam a22001937a 4500 | ||
|---|---|---|---|
| 005 | 20180109112728.0 | ||
| 010 | _aENG-121943 | ||
| 020 |
_a9788174791948 _c495.00 |
||
| 035 | _aEN-105475 | ||
| 037 | _bDBAD/PUB | ||
| 082 | _a954 | ||
| 100 | _aMuller, F. Max | ||
| 245 |
_aIndia: What cant it teach us _bA course of lectures devered before the university of cambridge / _cby F. Max Mullar |
||
| 260 |
_c2017 _aNew Delhi _bKaveri Books |
||
| 270 |
_a4832/24, Ansari,Road Dariya Ganj _bNew Delhi _e110002 |
||
| 300 |
_c22cm(hbk) _a152p. |
||
| 700 | _a | ||
| 942 |
_cEN _2ddc _mMUL _h954 |
||
| 999 |
_c148152 _d148152 |
||